01370nam a22002057a 450000500170000000800410001702000150005804000070007304100080008008200220008810000180011024501100012826000380023830000310027636500150030752007620032265000280108465000320111270000200114420240513151750.0210925b ||||| |||| 00| 0 eng d a1850658269 cAL aeng 223a623.45 bCORS aGordon Corera aShopping for BombsbNuclear Proliferation, Global Insecurity and the Rise and Fall of the AQ Khan Network aNew DelhibFoundation Booksc2006 axvii,288 p.bHBc24x16 cm. f2013/03/24 aThe first comprehensive assessment of the career of AQ Khan, a man described as "at least as dangerous as Osama Bin Laden." Contains exclusive interviews and newsworthy material. Reveals new information US and UK participation in breaking the ring and how President Musharraf was persuaded to act against a national hero The first account of how Iran was provided critical assistance in its nuclear weapons program Inside story on the high-wire dealings with Gadaffi and Libya leading to their renunciation of nuclear weapons Offers key insights on the United States' relationship with Pakistan, a significant collaborator in the ongoing "War on Terror" in Afghanistanuhttps://global.oup.com/academic/product/shopping-for-bombs-9780195375237?cc=us&lang=en& 2Security, International 2Nuclear Weapons Information aCORERA (Gordon)